Statistics for Rick Moranis Filmography

Click here to take the quiz!

General Stats

  • This quiz has been taken 38 times
    (6 since last reset)
  • The average score is 16 of 53

Answer Stats

TypeYearName% Correct
Film1986Little Shop of Horrors
100%
Film1987Spaceballs
100%
Film1989Ghosbusters II
83%
Film1984Ghostbusters
83%
Film1989Honey, I Shrunk the Kids
83%
Film1996Big Bully
67%
TV Show1983, 1989Saturday Night Live
67%
Video Game2003Brother Bear
50%
Film2003Brother Bear
50%
Film2006Brother Bear 2
50%
Film1992Honey, I Blew Up the Kid
50%
Film1994Little Giants
50%
Film1990My Blue Heaven
50%
Film1989Parenthood
50%
Film1983Strange Brew
50%
Film1986Club Paradise
33%
Film1997Honey, We Shrunk Ourselves!
33%
TV Show1980-1981Second City Television
33%
Film1984Streets of Fire
33%
Film1994The Flintstones
33%
Video Game1994The Flintstones
33%
Web SpecialTBAAn Afternoon with SCTV
17%
TV Special2007Bob & Doug McKenzie's Two-Four Anniversary
17%
Film1985Brewster's Millions
17%
Film1985Head Office
17%
TV Film1984Hockey Night
17%
Short Film1994Honey, I Shrunk the Audience
17%
Film1991L.A. Story
17%
Commercial1989McDonald's
17%
TV Film2003Miss Spider's Sunny Patch Kids
17%
Music Video1989On Our Own
17%
Commercial1997Pizza Hut
17%
Film2001Rudolph the Red-Nosed Reindeer and the Island of Misfit Toys
17%
Concert Film2008Rush: Snakes & Arrows - Live in Holland
17%
TV Show1981-1982Second City Television Network
17%
TV Show1993, 1994Sesame Street
17%
TV Show1992Shelley Duvall's Bedtime Stories
17%
Film2024Shrunk
17%
Film1993Splitting Heirs
17%
TV Show2003The Animated Adventures of Bob & Doug McKenzie
17%
TV Show1982The Billy Crystal Comedy Hour
17%
TV Special1990The Earth Day Special
17%
TV Show2018The Goldbergs
17%
TV Film1985The Last Polka
17%
TV Film1989The Rocket Boy
17%
Film1984The Wild Life
17%
TV Show1990Gravedale High
0%
Commercial2020Mint Mobile
0%
TV Show1997Muppets Tonight
0%
Album2013My Mother's Brisket & Other Love Songs
0%
Documentary Series2020Prop Culture
0%
Album2005The Agoraphobic Cowboy
0%
Album1989You, Me, the Music and Me
0%

Score Distribution

Percentile by Number Answered

Percent of People with Each Score

Your Score History

You have not taken this quiz since the last reset